1268 1521 1257 1027 1153 1734 1032 1499 1820 1163 1505 1193 1473 1865 1186 1219 1372 1290 1779 1823 1882 1129 1936 1503 1008 1631 1510 1594 1661 1635 1200 1302 1595 1202 1910 1306 1581 1706 1065 1270 1876 1587 1727 1368 1640 1235 1858 1413 1129 1826 1640 1831 1569 1737 1745 1709 1910 1005 1477 1023 1377 1957 1796 1687 1986 1963 1646 1847 1329 1850 1590 1695 1854 1135 1074 1447 1417 1686 1774 1136 1885 1384 1893 1746 1814 1296 1153 1903 1691 1338 1196 1215 1189 1825 1273 1722 1060 1689 1336 BCNSPRNW ULIB Ver.6.0+V

เปลี่ยนเป็นภาษาไทย

Change to English
 แสดงรายละเอียดบรรณานุกรม
  กลับหน้าหลัก

Brief Record : Get Marc (ISO 2709) : E-mail record : QR code < ปิดหน้าต่าง
LEADER : 00000nam 2200000uu 4500
001    13399114431
003     ULIB
008    110627s||||||||th 000 0 tha d
020    9747053268
098    นว.^bม162ร
100 0  มนันยา
245 00 ระทึก/^cมนันยา
250    พิมพ์ครั้งที่ 2
260    กรุงเทพฯ :^bสามสี,^c2536
300    254 หน้า
710 1  สามสี
945    ^p65^l0^i031541
995    ทศพร
999 ^a ใช้งานได้ทุกระบบ
รายการนี้ยังไม่มีแท็ก
คุณยังไม่ได้ล็อกอิน คุณสามารถมีกิจกรรมร่วมกับเว็บไซต์ได้ แต่ต้องล็อกอินก่อน ::
  ล็อกอิน

รายการสื่อสารสนเทศ

ลำดับที่ ประเภท เลขเรียก/บาร์โค้ด สถานที่ สถานะ
1. นวนิยาย
นวนิยาย
 ฉ.1 
  Barcode: 031541
ห้องสมุดวิทยาเขตสวรรค์ประชารักษ์
►นวนิยาย
บนชั้น
  ขอยืม

รายการใกล้เคียง
    ผู้แต่ง [มนันยา]

BibComment


ยังไม่เคยถูกคอมเมนท์

คอมเมนท์ทรัพยากรรายการนี้
  คอมเมนท์: ระทึก มนันยา


 Copyright 2026. Bcnsprnw @Library